[Event "ODJM A 2023"]
[Site "Willingen GER"]
[Date "2023.05.31"]
[Round "5"]
[White "Bold, André"]
[Black "Yelisieiev, Yevhenii"]
[Result "1/2-1/2"]
[Termination "normal"]
[Board "1"]
[BlackTitle "IM"]
[WhiteElo "2194"]
[BlackElo "2418"]
[WhiteClock "00:31:43"]
[BlackClock "00:18:15"]
[PlyCount "41"]
[WhiteFideId "16208471"]
[BlackFideId "14139642"]
[EventCountry "GER"]
[EventRounds "9"]
[EventType "swiss"]
[EventDate "2023.05.27"]

1. d4 {[%clk 01:30:58]} d5 {[%clk 01:29:33]} {[%emt 00:01:28]} 2. Bf4 {[%clk
01:31:24]} {[%emt 00:00:04]} Nf6 {[%clk 01:29:41]} {[%emt 00:00:22]} 3. e3
{[%clk 01:31:49]} {[%emt 00:00:05]} c5 {[%clk 01:29:34]} {[%emt 00:00:36]} 4.
Nc3 {[%clk 01:32:10]} {[%emt 00:00:10]} a6 {[%clk 01:26:52]} {[%emt 00:03:13]}
5. dxc5 {[%clk 01:29:25]} {[%emt 00:03:14]} Nc6 {[%clk 01:26:06]} {[%emt
00:01:16]} 6. Nf3 {[%clk 01:28:38]} {[%emt 00:01:18]} e6 {[%clk 01:17:58]}
{[%emt 00:08:37]} 7. Na4 {[%clk 01:25:41]} {[%emt 00:03:27]} Nd7 {[%clk
01:16:29]} {[%emt 00:01:59]} 8. Be2 {[%clk 01:23:08]} {[%emt 00:03:03]} Nxc5
{[%clk 01:14:54]} {[%emt 00:02:05]} 9. Nxc5 {[%clk 01:23:31]} {[%emt 00:00:07]}
Bxc5 {[%clk 01:15:19]} {[%emt 00:00:05]} 10. O-O {[%clk 01:22:23]} {[%emt
00:01:38]} O-O {[%clk 01:12:58]} {[%emt 00:02:51]} 11. a3 {[%clk 01:15:16]}
{[%emt 00:07:37]} b5 {[%clk 01:02:19]} {[%emt 00:11:09]} 12. Bd3 {[%clk
01:04:45]} {[%emt 00:11:02]} f6 {[%clk 00:57:20]} {[%emt 00:05:28]} 13. e4
{[%clk 01:03:05]} {[%emt 00:02:11]} d4 {[%clk 00:56:05]} {[%emt 00:01:44]} 14.
b4 {[%clk 00:55:21]} {[%emt 00:10:43]} Bb6 {[%clk 00:51:43]} {[%emt 00:02:24]}
15. Bd2 {[%clk 00:50:39]} {[%emt 00:05:11]} e5 {[%clk 00:44:26]} {[%emt
00:07:47]} 16. a4 {[%clk 00:49:13]} {[%emt 00:01:56]} bxa4 {[%clk 00:39:41]}
{[%emt 00:05:15]} 17. Rxa4 {[%clk 00:49:01]} {[%emt 00:00:41]} Bb7 {[%clk
00:32:53]} {[%emt 00:07:18]} 18. Qa1 {[%clk 00:45:06]} {[%emt 00:04:25]} a5
{[%clk 00:23:17]} {[%emt 00:10:06]} 19. bxa5 {[%clk 00:34:01]} {[%emt
00:11:36]} Bxa5 {[%clk 00:18:40]} {[%emt 00:05:06]} 20. Rb1 {[%clk 00:34:14]}
{[%emt 00:00:17]} Bxd2 {[%clk 00:18:15]} {[%emt 00:00:55]} 21. Nxd2 {[%clk
00:31:43]} {[%emt 00:03:01]} 1/2-1/2

[Event "ODJM A 2023"]
[Site "Willingen GER"]
[Date "2023.05.31"]
[Round "5"]
[White "Weidemann, Jakob"]
[Black "Stemmler, Fabian"]
[Result "1/2-1/2"]
[Termination "normal"]
[Board "2"]
[WhiteElo "2125"]
[BlackElo "2084"]
[WhiteClock "00:59:50"]
[BlackClock "01:05:53"]
[PlyCount "41"]
[WhiteFideId "16255470"]
[BlackFideId "12964808"]
[EventCountry "GER"]
[EventRounds "9"]
[EventType "swiss"]
[EventDate "2023.05.27"]

1. e4 {[%clk 01:30:56]} {[%emt 00:00:03]} e6 {[%clk 01:30:51]} {[%emt
00:00:10]} 2. d4 {[%clk 01:31:19]} {[%emt 00:00:06]} d5 {[%clk 01:31:19]}
{[%emt 00:00:03]} 3. Nd2 {[%clk 01:31:36]} {[%emt 00:00:12]} c5 {[%clk
01:31:42]} {[%emt 00:00:08]} 4. exd5 {[%clk 01:31:57]} {[%emt 00:00:09]} Qxd5
{[%clk 01:32:01]} {[%emt 00:00:12]} 5. Ngf3 {[%clk 01:32:16]} {[%emt 00:00:09]}
cxd4 {[%clk 01:32:17]} {[%emt 00:00:15]} 6. Bc4 {[%clk 01:32:35]} {[%emt
00:00:11]} Qd7 {[%clk 01:32:36]} {[%emt 00:00:11]} 7. O-O {[%clk 01:32:49]}
{[%emt 00:00:16]} Nf6 {[%clk 01:32:59]} {[%emt 00:00:08]} 8. Nb3 {[%clk
01:32:59]} {[%emt 00:00:19]} Nc6 {[%clk 01:33:23]} {[%emt 00:00:06]} 9. Nbxd4
{[%clk 01:33:06]} {[%emt 00:00:22]} Nxd4 {[%clk 01:33:47]} {[%emt 00:00:06]}
10. Nxd4 {[%clk 01:33:01]} {[%emt 00:00:34]} a6 {[%clk 01:34:11]} {[%emt
00:00:07]} 11. Re1 {[%clk 01:31:54]} {[%emt 00:01:36]} Bc5 {[%clk 01:27:41]}
{[%emt 00:07:01]} 12. c3 {[%clk 01:24:48]} {[%emt 00:07:37]} b5 {[%clk
01:25:17]} {[%emt 00:02:54]} 13. Bb3 {[%clk 01:13:09]} {[%emt 00:12:08]} Bxd4
{[%clk 01:24:29]} {[%emt 00:01:19]} 14. Qxd4 {[%clk 01:12:47]} {[%emt
00:00:52]} Qxd4 {[%clk 01:24:49]} {[%emt 00:00:10]} 15. cxd4 {[%clk 01:13:10]}
{[%emt 00:00:08]} Bb7 {[%clk 01:24:36]} {[%emt 00:00:41]} 16. Bg5 {[%clk
01:12:00]} {[%emt 00:01:39]} O-O {[%clk 01:19:01]} {[%emt 00:06:07]} 17. Bxf6
{[%clk 01:02:36]} {[%emt 00:09:54]} gxf6 {[%clk 01:15:09]} {[%emt 00:04:23]}
18. f3 {[%clk 01:01:19]} {[%emt 00:01:45]} Rfd8 {[%clk 01:11:02]} {[%emt
00:04:38]} 19. Red1 {[%clk 01:01:19]} {[%emt 00:00:29]} Rac8 {[%clk 01:07:40]}
{[%emt 00:03:52]} 20. Rd2 {[%clk 01:00:05]} {[%emt 00:01:44]} Bd5 {[%clk
01:05:53]} {[%emt 00:02:18]} 21. Bxd5 {[%clk 00:59:50]} {[%emt 00:00:44]}
1/2-1/2

[Event "ODJM A 2023"]
[Site "Willingen GER"]
[Date "2023.05.31"]
[Round "5"]
[White "Gerlach, Felix"]
[Black "Schwartz, Oliver"]
[Result "1-0"]
[Termination "normal"]
[Board "4"]
[WhiteElo "2078"]
[BlackElo "1919"]
[WhiteClock "00:59:24"]
[BlackClock "00:43:40"]
[PlyCount "49"]
[WhiteFideId "12957690"]
[BlackFideId "16207459"]
[EventCountry "GER"]
[EventRounds "9"]
[EventType "swiss"]
[EventDate "2023.05.27"]

1. c4 {[%clk 01:30:58]} {[%emt 00:00:02]} e5 {[%clk 01:30:21]} {[%emt
00:00:38]} 2. g3 {[%clk 01:31:00]} {[%emt 00:00:28]} c6 {[%clk 01:30:39]}
{[%emt 00:00:13]} 3. Nf3 {[%clk 01:31:11]} {[%emt 00:00:18]} e4 {[%clk
01:30:49]} {[%emt 00:00:21]} 4. Nd4 {[%clk 01:31:35]} {[%emt 00:00:06]} d5
{[%clk 01:30:48]} {[%emt 00:00:31]} 5. cxd5 {[%clk 01:32:00]} {[%emt 00:00:06]}
Qxd5 {[%clk 01:28:47]} {[%emt 00:02:31]} 6. e3 {[%clk 01:31:25]} {[%emt
00:01:05]} Nf6 {[%clk 01:26:39]} {[%emt 00:02:38]} 7. Nc3 {[%clk 01:31:46]}
{[%emt 00:00:09]} Qe5 {[%clk 01:20:48]} {[%emt 00:06:20]} 8. f4 {[%clk
01:31:52]} {[%emt 00:00:25]} exf3 {[%clk 01:19:26]} {[%emt 00:01:52]} 9. Nxf3
{[%clk 01:32:05]} {[%emt 00:00:17]} Qc7 {[%clk 01:17:23]} {[%emt 00:02:33]} 10.
Bg2 {[%clk 01:31:53]} {[%emt 00:00:41]} Bd6 {[%clk 01:16:32]} {[%emt 00:01:20]}
11. e4 {[%clk 01:32:06]} {[%emt 00:00:18]} O-O {[%clk 01:10:56]} {[%emt
00:06:06]} 12. d4 {[%clk 01:32:09]} {[%emt 00:00:27]} Re8 {[%clk 01:08:51]}
{[%emt 00:02:35]} 13. e5 {[%clk 01:31:05]} {[%emt 00:01:34]} Bf8 {[%clk
01:08:09]} {[%emt 00:01:11]} 14. O-O {[%clk 01:31:07]} {[%emt 00:00:28]} Nd5
{[%clk 01:06:47]} {[%emt 00:01:53]} 15. Nxd5 {[%clk 01:23:45]} {[%emt
00:07:52]} cxd5 {[%clk 01:07:01]} {[%emt 00:00:16]} 16. Ng5 {[%clk 01:24:02]}
{[%emt 00:00:12]} Be6 {[%clk 01:06:49]} {[%emt 00:00:43]} 17. Qh5 {[%clk
01:22:32]} {[%emt 00:02:00]} h6 {[%clk 01:00:37]} {[%emt 00:06:43]} 18. Nxe6
{[%clk 01:22:17]} {[%emt 00:00:45]} Rxe6 {[%clk 01:00:31]} {[%emt 00:00:35]}
19. Bxd5 {[%clk 01:22:23]} {[%emt 00:00:24]} Re7 {[%clk 01:00:48]} {[%emt
00:00:12]} 20. Bg5 {[%clk 01:00:54]} {[%emt 00:21:59]} Rd7 {[%clk 00:49:09]}
{[%emt 00:12:10]} 21. Rxf7 {[%clk 01:00:26]} {[%emt 00:00:57]} Rxf7 {[%clk
00:48:24]} {[%emt 00:01:15]} 22. Rf1 {[%clk 01:00:16]} {[%emt 00:00:39]} Nc6
{[%clk 00:43:04]} {[%emt 00:05:52]} 23. Rxf7 {[%clk 00:59:35]} {[%emt
00:01:11]} Qa5 {[%clk 00:43:29]} {[%emt 00:00:05]} 24. Rxf8+ {[%clk 00:59:24]}
{[%emt 00:00:41]} Kxf8 {[%clk 00:43:40]} {[%emt 00:00:18]} 25. Qf7# {[%emt
00:00:05]} 1-0

[Event "ODJM A 2023"]
[Site "Willingen GER"]
[Date "2023.05.31"]
[Round "5"]
[White "Kruse, Victor"]
[Black "Rohm, Linus"]
[Result "1/2-1/2"]
[Termination "normal"]
[Board "5"]
[WhiteElo "1964"]
[BlackElo "1911"]
[WhiteClock "00:26:18"]
[BlackClock "00:50:08"]
[PlyCount "40"]
[WhiteFideId "16256964"]
[BlackFideId "16298217"]
[EventCountry "GER"]
[EventRounds "9"]
[EventType "swiss"]
[EventDate "2023.05.27"]

1. d4 {[%clk 01:30:51]} {[%emt 00:00:09]} e6 {[%clk 01:30:54]} {[%emt
00:00:07]} 2. c4 {[%clk 01:31:14]} {[%emt 00:00:07]} Nf6 {[%clk 01:31:20]}
{[%emt 00:00:03]} 3. Nf3 {[%clk 01:31:26]} {[%emt 00:00:19]} d5 {[%clk
01:31:46]} {[%emt 00:00:04]} 4. Nc3 {[%clk 01:31:04]} {[%emt 00:00:51]} Bb4
{[%clk 01:31:52]} {[%emt 00:00:24]} 5. cxd5 {[%clk 01:30:53]} {[%emt 00:00:41]}
exd5 {[%clk 01:32:03]} {[%emt 00:00:19]} 6. Bg5 {[%clk 01:31:14]} {[%emt
00:00:09]} h6 {[%clk 01:32:00]} {[%emt 00:00:35]} 7. Bh4 {[%clk 01:31:10]}
{[%emt 00:00:33]} O-O {[%clk 01:31:48]} {[%emt 00:00:43]} 8. e3 {[%clk
01:30:27]} {[%emt 00:01:12]} Bf5 {[%clk 01:30:44]} {[%emt 00:01:34]} 9. Be2
{[%clk 01:29:18]} {[%emt 00:01:38]} Nbd7 {[%clk 01:26:15]} {[%emt 00:05:00]}
10. Qb3 {[%clk 01:28:25]} {[%emt 00:01:23]} Bxc3+ {[%clk 01:26:33]} {[%emt
00:00:11]} 11. Qxc3 {[%clk 01:28:26]} {[%emt 00:01:03]} c5 {[%clk 01:25:00]}
{[%emt 00:01:28]} 12. Bxf6 {[%clk 00:53:51]} {[%emt 00:35:05]} Qxf6 {[%clk
01:22:11]} {[%emt 00:03:18]} 13. O-O {[%clk 00:53:14]} {[%emt 00:01:09]} Rac8
{[%clk 01:15:21]} {[%emt 00:07:20]} 14. Rac1 {[%clk 00:50:19]} {[%emt
00:03:24]} c4 {[%clk 01:11:08]} {[%emt 00:04:43]} 15. a4 {[%clk 00:50:19]}
{[%emt 00:00:31]} a6 {[%clk 01:06:58]} {[%emt 00:04:39]} 16. Qb4 {[%clk
00:41:54]} {[%emt 00:08:55]} b5 {[%clk 01:04:56]} {[%emt 00:02:31]} 17. Nd2
{[%clk 00:38:11]} {[%emt 00:04:14]} Rb8 {[%clk 00:58:53]} {[%emt 00:06:33]} 18.
b3 {[%clk 00:36:23]} {[%emt 00:02:18]} Rfc8 {[%clk 00:57:02]} {[%emt 00:02:21]}
19. Bf3 {[%clk 00:29:14]} {[%emt 00:07:40]} Qe6 {[%clk 00:53:07]} {[%emt
00:04:24]} 20. Rfe1 {[%clk 00:26:18]} {[%emt 00:03:27]} Nf6 {[%clk 00:50:08]}
{[%emt 00:03:27]} 1/2-1/2

[Event "ODJM A 2023"]
[Site "Willingen GER"]
[Date "2023.05.31"]
[Round "5"]
[White "Savchenko, Daniel"]
[Black "Weidenhöfer, Max"]
[Result "1-0"]
[Termination "normal"]
[Board "6"]
[WhiteElo "2104"]
[BlackElo "2000"]
[WhiteClock "00:16:24"]
[BlackClock "00:06:08"]
[PlyCount "79"]
[WhiteFideId "12919195"]
[BlackFideId "16230566"]
[EventCountry "GER"]
[EventRounds "9"]
[EventType "swiss"]
[EventDate "2023.05.27"]

1. e4 {[%clk 01:30:56]} {[%emt 00:00:05]} c6 {[%clk 01:30:59]} {[%emt
00:00:01]} 2. Nc3 {[%clk 01:31:15]} {[%emt 00:00:09]} d5 {[%clk 01:31:28]}
{[%emt 00:00:02]} 3. Qf3 {[%clk 01:31:36]} {[%emt 00:00:10]} dxe4 {[%clk
01:24:09]} {[%emt 00:07:49]} 4. Nxe4 {[%clk 01:30:57]} {[%emt 00:01:09]} Nf6
{[%clk 01:23:06]} {[%emt 00:01:34]} 5. Bc4 {[%clk 01:30:54]} {[%emt 00:00:33]}
e6 {[%clk 01:22:45]} {[%emt 00:00:51]} 6. Ne2 {[%clk 01:30:46]} {[%emt
00:00:38]} Nxe4 {[%clk 01:18:38]} {[%emt 00:04:38]} 7. Qxe4 {[%clk 01:25:16]}
{[%emt 00:06:00]} Nd7 {[%clk 01:19:07]} 8. d4 {[%clk 01:25:34]} {[%emt
00:00:12]} Nf6 {[%clk 01:19:04]} {[%emt 00:00:34]} 9. Qf3 {[%clk 01:25:56]}
{[%emt 00:00:07]} Be7 {[%clk 01:18:40]} {[%emt 00:00:54]} 10. Bd2 {[%clk
01:16:48]} {[%emt 00:09:38]} Bd7 {[%clk 01:15:03]} {[%emt 00:04:08]} 11. O-O-O
{[%clk 01:13:51]} {[%emt 00:03:28]} O-O {[%clk 01:10:34]} {[%emt 00:04:59]} 12.
h4 {[%clk 01:04:40]} {[%emt 00:09:40]} a5 {[%clk 01:04:18]} {[%emt 00:06:47]}
13. Bd3 {[%clk 01:01:06]} {[%emt 00:04:03]} b5 {[%clk 01:00:43]} {[%emt
00:04:05]} 14. g4 {[%clk 01:00:04]} {[%emt 00:01:32]} Nd5 {[%clk 00:59:31]}
{[%emt 00:01:43]} 15. Qe4 {[%clk 00:57:52]} {[%emt 00:02:41]} f5 {[%clk
00:53:11]} {[%emt 00:07:22]} 16. gxf5 {[%clk 00:57:19]} {[%emt 00:00:32]} exf5
{[%clk 00:53:35]} {[%emt 00:00:06]} 17. Qg2 {[%clk 00:56:57]} {[%emt 00:00:51]}
Nb4 {[%clk 00:52:56]} {[%emt 00:01:10]} 18. Bh6 {[%clk 00:54:35]} {[%emt
00:02:53]} Bf6 {[%clk 00:50:06]} {[%emt 00:03:20]} 19. a3 {[%clk 00:51:56]}
{[%emt 00:03:08]} Nxd3+ {[%clk 00:46:40]} {[%emt 00:03:57]} 20. Rxd3 {[%clk
00:51:05]} {[%emt 00:01:21]} Kh8 {[%clk 00:47:08]} {[%emt 00:00:03]} 21. Bg5
{[%clk 00:50:43]} {[%emt 00:00:51]} Be6 {[%clk 00:45:16]} {[%emt 00:02:21]} 22.
Nf4 {[%clk 00:45:56]} {[%emt 00:05:18]} Bc4 {[%clk 00:43:10]} {[%emt 00:02:36]}
23. Rd2 {[%clk 00:44:31]} {[%emt 00:01:55]} Qd6 {[%clk 00:38:50]} {[%emt
00:04:50]} 24. Nh5 {[%clk 00:36:02]} {[%emt 00:09:00]} Bd5 {[%clk 00:30:40]}
{[%emt 00:08:40]} 25. f3 {[%clk 00:33:38]} {[%emt 00:02:54]} Bxg5 {[%clk
00:31:08]} {[%emt 00:00:01]} 26. hxg5 {[%clk 00:33:21]} {[%emt 00:00:46]} Bf7
{[%clk 00:23:57]} {[%emt 00:07:42]} 27. Nf6 {[%clk 00:26:36]} {[%emt 00:07:15]}
gxf6 {[%clk 00:15:42]} {[%emt 00:08:45]} 28. g6 {[%clk 00:25:17]} {[%emt
00:01:50]} Bxg6 {[%clk 00:16:05]} {[%emt 00:00:07]} 29. Qxg6 {[%clk 00:25:41]}
{[%emt 00:00:06]} Qd7 {[%clk 00:14:33]} {[%emt 00:02:02]} 30. d5 {[%clk
00:25:46]} {[%emt 00:00:25]} c5 {[%clk 00:12:06]} {[%emt 00:02:58]} 31. Re2
{[%clk 00:20:29]} {[%emt 00:05:46]} Rf7 {[%clk 00:11:33]} {[%emt 00:01:03]} 32.
Re6 {[%clk 00:20:09]} {[%emt 00:00:50]} Rg8 {[%clk 00:06:31]} {[%emt 00:05:32]}
33. Qxf5 {[%clk 00:19:37]} {[%emt 00:01:01]} b4 {[%clk 00:06:54]} {[%emt
00:00:08]} 34. Qe4 {[%clk 00:17:35]} {[%emt 00:02:32]} Rd8 {[%clk 00:05:57]}
{[%emt 00:01:27]} 35. d6 {[%clk 00:16:24]} {[%emt 00:01:42]} Qb7 {[%clk
00:04:59]} {[%emt 00:01:28]} 36. Re8+ {[%clk 00:16:01]} {[%emt 00:00:52]} Rxe8
{[%clk 00:04:51]} {[%emt 00:00:39]} 37. Qxe8+ {[%clk 00:16:23]} {[%emt
00:00:07]} Kg7 {[%clk 00:05:16]} {[%emt 00:00:05]} 38. Rg1+ {[%clk 00:16:46]}
{[%emt 00:00:07]} Kh6 {[%clk 00:05:39]} {[%emt 00:00:07]} 39. Qe3+ {[%clk
00:16:50]} {[%emt 00:00:25]} Kh5 {[%clk 00:06:08]} {[%emt 00:00:03]} 40. Qf4
{[%clk 00:16:24]} {[%emt 00:00:56]} 1-0

[Event "ODJM A 2023"]
[Site "Willingen GER"]
[Date "2023.05.31"]
[Round "5"]
[White "Sabirov, Ramil"]
[Black "Beyer, Lorenz"]
[Result "1/2-1/2"]
[Termination "normal"]
[Board "8"]
[WhiteElo "2109"]
[BlackElo "1915"]
[WhiteClock "00:14:16"]
[BlackClock "01:00:53"]
[PlyCount "95"]
[WhiteFideId "12900303"]
[BlackFideId "16245393"]
[EventCountry "GER"]
[EventRounds "9"]
[EventType "swiss"]
[EventDate "2023.05.27"]

1. Nf3 {[%clk 01:30:56]} {[%emt 00:00:03]} Nf6 {[%clk 01:30:56]} {[%emt
00:00:04]} 2. g3 {[%clk 01:31:11]} {[%emt 00:00:16]} g6 {[%clk 01:31:21]}
{[%emt 00:00:06]} 3. Bg2 {[%clk 01:31:37]} {[%emt 00:00:02]} Bg7 {[%clk
01:31:47]} {[%emt 00:00:04]} 4. c4 {[%clk 01:31:22]} {[%emt 00:00:45]} c5
{[%clk 01:30:07]} {[%emt 00:02:10]} 5. Nc3 {[%clk 01:31:26]} {[%emt 00:00:27]}
Nc6 {[%clk 01:30:32]} {[%emt 00:00:04]} 6. d4 {[%clk 01:31:50]} {[%emt
00:00:05]} cxd4 {[%clk 01:30:48]} {[%emt 00:00:15]} 7. Nxd4 {[%clk 01:32:15]}
{[%emt 00:00:04]} Nxd4 {[%clk 01:30:53]} {[%emt 00:00:25]} 8. Qxd4 {[%clk
01:32:39]} {[%emt 00:00:05]} O-O {[%clk 01:31:12]} {[%emt 00:00:11]} 9. O-O
{[%clk 01:32:59]} {[%emt 00:00:11]} a6 {[%clk 01:31:18]} {[%emt 00:00:25]} 10.
Qd3 {[%clk 01:30:47]} {[%emt 00:02:42]} d6 {[%clk 01:31:34]} {[%emt 00:00:13]}
11. Be3 {[%clk 01:20:47]} {[%emt 00:10:30]} Bf5 {[%clk 01:28:27]} {[%emt
00:03:36]} 12. Qd2 {[%clk 01:17:55]} {[%emt 00:03:24]} Qc7 {[%clk 01:28:01]}
{[%emt 00:00:55]} 13. b3 {[%clk 01:14:31]} {[%emt 00:03:54]} Rfe8 {[%clk
01:25:20]} {[%emt 00:03:10]} 14. Rac1 {[%clk 01:14:26]} {[%emt 00:00:34]} Bd7
{[%clk 01:21:03]} {[%emt 00:04:46]} 15. Nd5 {[%clk 01:01:16]} {[%emt 00:13:42]}
Nxd5 {[%clk 01:21:00]} {[%emt 00:00:33]} 16. cxd5 {[%clk 01:01:38]} {[%emt
00:00:07]} Qd8 {[%clk 01:14:53]} {[%emt 00:06:37]} 17. a4 {[%clk 00:43:52]}
{[%emt 00:18:17]} Rc8 {[%clk 01:13:43]} {[%emt 00:01:40]} 18. Qb4 {[%clk
00:39:48]} {[%emt 00:05:00]} Rxc1 {[%clk 01:13:49]} 19. Rxc1 {[%clk 00:40:11]}
{[%emt 00:00:07]} Qb8 {[%clk 01:14:09]} {[%emt 00:00:07]} 20. Bb6 {[%clk
00:35:09]} {[%emt 00:05:32]} Rc8 {[%clk 01:10:08]} {[%emt 00:04:31]} 21. Qd2
{[%clk 00:33:19]} {[%emt 00:02:20]} h5 {[%clk 01:07:21]} {[%emt 00:03:17]} 22.
Rc2 {[%clk 00:29:46]} {[%emt 00:04:03]} Rxc2 {[%clk 01:05:02]} {[%emt
00:02:50]} 23. Qxc2 {[%clk 00:30:13]} {[%emt 00:00:04]} Qc8 {[%clk 01:04:48]}
{[%emt 00:00:43]} 24. Qxc8+ {[%clk 00:30:31]} {[%emt 00:00:12]} Bxc8 {[%clk
01:05:16]} {[%emt 00:00:03]} 25. Kf1 {[%clk 00:29:51]} {[%emt 00:01:11]} h4
{[%clk 01:04:01]} {[%emt 00:01:44]} 26. e3 {[%clk 00:28:08]} {[%emt 00:02:13]}
hxg3 {[%clk 01:04:14]} {[%emt 00:00:16]} 27. hxg3 {[%clk 00:28:32]} {[%emt
00:00:06]} Bf5 {[%clk 01:04:16]} {[%emt 00:00:30]} 28. e4 {[%clk 00:28:31]}
{[%emt 00:00:30]} Bd7 {[%clk 01:03:22]} {[%emt 00:01:24]} 29. Ke2 {[%clk
00:28:14]} {[%emt 00:00:46]} Kf8 {[%clk 01:01:26]} {[%emt 00:02:27]} 30. Kd3
{[%clk 00:24:19]} {[%emt 00:04:24]} e6 {[%clk 00:55:08]} {[%emt 00:06:49]} 31.
e5 {[%clk 00:13:16]} {[%emt 00:11:33]} Bxe5 {[%clk 00:46:12]} {[%emt 00:09:26]}
32. dxe6 {[%clk 00:12:09]} {[%emt 00:01:37]} Bc6 {[%clk 00:43:30]} {[%emt
00:03:12]} 33. Bxc6 {[%clk 00:12:21]} {[%emt 00:00:17]} bxc6 {[%clk 00:43:59]}
{[%emt 00:00:01]} 34. Bc7 {[%clk 00:12:30]} {[%emt 00:00:21]} g5 {[%clk
00:41:50]} {[%emt 00:02:38]} 35. Ke4 {[%clk 00:02:59]} {[%emt 00:10:01]} fxe6
{[%clk 00:38:50]} {[%emt 00:03:30]} 36. f4 {[%clk 00:03:04]} {[%emt 00:00:26]}
gxf4 {[%clk 00:39:15]} {[%emt 00:00:04]} 37. gxf4 {[%clk 00:03:30]} {[%emt
00:00:03]} Bxf4 {[%clk 00:36:56]} {[%emt 00:02:51]} 38. Kxf4 {[%clk 00:03:56]}
{[%emt 00:00:04]} Ke7 {[%clk 00:37:23]} {[%emt 00:00:02]} 39. Ke4 {[%clk
00:01:38]} {[%emt 00:02:49]} Kd7 {[%clk 00:37:39]} {[%emt 00:00:14]} 40. Ba5
{[%clk 00:01:42]} {[%emt 00:00:25]} c5 {[%clk 00:37:37]} {[%emt 00:00:32]} 41.
Bd2 {[%clk 00:16:03]} {[%emt 00:16:10]} Kc6 {[%clk 01:03:23]} {[%emt 00:04:44]}
42. Be1 {[%clk 00:16:04]} {[%emt 00:00:29]} Kb6 {[%clk 01:01:09]} {[%emt
00:02:44]} 43. Kf4 {[%clk 00:16:17]} {[%emt 00:00:16]} a5 {[%clk 01:01:04]}
{[%emt 00:00:37]} 44. Bd2 {[%clk 00:13:25]} {[%emt 00:03:20]} d5 {[%clk
00:59:50]} {[%emt 00:01:45]} 45. Ke5 {[%clk 00:13:11]} {[%emt 00:00:44]} c4
{[%clk 01:00:03]} {[%emt 00:00:17]} 46. bxc4 {[%clk 00:13:36]} {[%emt
00:00:05]} dxc4 {[%clk 01:00:31]} {[%emt 00:00:03]} 47. Kxe6 {[%clk 00:13:58]}
{[%emt 00:00:07]} Ka7 {[%clk 01:00:53]} {[%emt 00:00:09]} 48. Kd5 {[%clk
00:14:16]} {[%emt 00:00:11]} 1/2-1/2